000 00821nam a22002777a 4500
001 132734
003 UA-OsUOA
005 20220402150030.0
007 ta
008 20180904b un ||||| |||| 00| 0 ukr d
020 _a5020089516
040 _aUA-OsUOA
_brus
_cUA-OsUOA
_dUA-OsUOA
041 _arus
080 _a94(37)
090 _a94(37)
_bЛ55
100 _aЛивий Т.
245 _aИстория Рима от основания города
_cотв. ред. Е. С. Голубцева
260 _aМ.
_bНаука
_c1991
300 _a526 с.
505 _gТ. 2
650 7 _a9 Географія. Біографії. Історія
_2UDC
700 1 _aГолубцева Е. С.
_eотв. ред.
942 _cBK
_2udc
955 _a2
999 _c421243
_d421243